000 00309nam a2200121Ia 4500
008 240719s9999 xx 000 0 und d
041 _aeng
082 _a294.592 GAN
100 _aGanatra, Ami
245 _aMahabharata Unravelled
260 _aNew Delhi
_bBloomsbury Publishing
_c2021
300 _a373.; P 23 Cm
999 _c41304
_d41304